| 000 | 01529cas a2200433 4500 | ||
|---|---|---|---|
| 005 | 20180803170401.0 | ||
| 008 | 810313c18689999gw bx p 0 b1ger | ||
| 022 | _a1869-0963 (impreso) | ||
| 022 | _a2367-0622 (digital) | ||
| 022 | _a0003-9284 | ||
| 022 | _a0723-4244 | ||
| 040 |
_aDLC _cKSU _dCOO _dHUL _dMUL _dHUL _dOCL _dOCLCQ _dOCLCG _dOCLCQ _dDLC _dOCLCA _dOCLCF _dOCLCO _dCGU _dOCLCO _dCO-Bo-IAVH |
||
| 041 | 0 |
_ager _beng |
|
| 044 | _agx | ||
| 090 | _aSE | ||
| 245 | 0 | 0 | _aArchiv für Molluskenkunde. |
| 246 | 1 |
_aInternational journal of malacology _f2004- |
|
| 246 | 1 |
_aJournal of the Deutsche Malakozoologische Gesellschaft _f2004- |
|
| 247 | 1 | 0 | _f1920-1936 |
| 247 | 1 | 0 | _f1937-1940 |
| 247 | 1 | 0 | _f1941-1943;1947-2003 |
| 247 | 0 | 0 | _fDec. 1868-Oct. 1919 |
| 260 |
_aFrankfurt am Main, _bSenckenberg Gesellschaft für Naturforschung. _c. |
||
| 260 | 2 |
_aFrankfurt am Main, _bSenckenbergische Naturforschende Gesellschaft. _c. |
|
| 300 |
_bilustraciones, mapas y placas _c21 -24 cm. |
||
| 310 |
_b<2002>- _af |
||
| 321 |
_am _bDec. 1868-Dec. 1884 |
||
| 321 |
_ab _bJan. 1885-Dec. 1903 |
||
| 321 |
_aq _bJan. 1904-1920 |
||
| 321 |
_au _b1921-<1934> |
||
| 546 | _aResúmenes en inglés. | ||
| 650 | 2 | 6 |
_aMollusca _vPublicaciones periódicas |
| 650 | 2 | 6 |
_aMollusca _zAlemania |
| 650 | 2 | 6 | _aMoluscos |
| 651 | 6 | _aAlemania | |
| 710 | 2 | _aSenckenberg Gesellschaft für Naturforschung | |
| 776 | 0 | 8 |
_iOnline version: _tArchiv für Molluskenkunde _w(OCoLC)652283005 |
| 942 |
_2z _cREVISTA _s1 |
||
| 999 |
_c19477 _d19477 |
||